| 000 | 00403nam a2200157Ia 4500 | ||
|---|---|---|---|
| 008 | 230312s9999||||xx |||||||||||||| ||und|| | ||
| 020 | _a0-85292-751-7 | ||
| 082 |
_a658.3 _bGIL |
||
| 100 | _aTerry Gillen | ||
| 245 | 0 | _aAppraisal discussion | |
| 260 |
_bChartered Institute of Personal _aLondon _c1995 |
||
| 300 | _a71 | ||
| 546 | _aEng. | ||
| 650 |
_aManagement _vAppraisal , preparation, |
||
| 942 | _cBK | ||
| 999 |
_c805 _d805 |
||